Mathematics and statistics for business / (Record no. 86381)

MARC details
000 -LEADER
fixed length control field 00533nam a22001817a 4500
005 - DATE AND TIME OF LATEST TRANSACTION
control field 20140812150822.0
010 ## - LCCN (DPL NO)
LC control number ENG-110365
020 ## - INTERNATIONAL STANDARD BOOK NUMBER
International Standard Book Number 9789350621714
Terms of availability 395.00
035 ## - SYSTEM CONTROL NUMBER
System control number EN-93897
037 ## - SOURCE OF ACQUISITION
Source of stock number/acquisition DBAD/PUB
082 ## - DEWEY DECIMAL CLASSIFICATION NUMBER
Classification number 650.01513
100 ## - MAIN ENTRY--PERSONAL NAME
Personal name Bhardwaj, R. S.
245 ## - TITLE STATEMENT
Title Mathematics and statistics for business /
Statement of responsibility, etc by R. S. Bhardwaj
260 ## - PUBLICATION, DISTRIBUTION, ETC. (IMPRINT)
Place of publication, distribution, etc New Delhi
Name of publisher, distributor, etc Excel Books
Date of publication, distribution, etc 2013
270 ## - ADDRESS
Address A-45, Naraina, Phase I
City New Delhi
Postal code 110028
300 ## - PHYSICAL DESCRIPTION
Extent x,728p.
Dimensions 28cm(pbk)
942 ## - ADDED ENTRY ELEMENTS (KOHA)
Source of classification or shelving scheme Dewey Decimal Classification
Item type English Books
Call number suffix BHA
Classification part 650.01513
Holdings
Withdrawn status Lost status Not for loan Collection code Home library Current library Date acquired Source of acquisition Cost, normal purchase price Full call number Barcode Copy number Cost, replacement price Koha item type
    Not For Loan Non-fiction D.B.Act.Division D.B.Act.Division 03/07/2014 DBAD/PUB 395.00 650.01513 BHA EN-93897 1 395.00 English Books

© Delhi Public Library
Hit Counter
free hit counter